Baki Characters by Picture - Statistics

General Stats
  • This quiz has been taken 212 times
    208 since last reset
  • The average score is 17 of 100
Answer Stats
Picture Answer % Correct
Hanma Baki
100%
Retsu Kaiou
83%
Orochi Doppo
77%
Jack Hammer
75%
Hanayama Kaoru
63%
Biscuit Oliva
61%
Orochi Katsumi
57%
Mohammad Alai Jr
54%
Hector Doyle
53%
Dorian Kaiou
52%
Spec
52%
Matsumoto Kozue
50%
Shibukawa Gouki
47%
Hanma Yuujiro
46%
Pickle
45%
Gaia
44%
Kaku Kaiou
44%
Motobe Izou
44%
Sikorsky
44%
Jun Guevaru
43%
Miyamoto Musashi
42%
Yanagi Ryuukou
37%
Tokugawa Mitsunari
32%
Mohammad Alai
31%
Hanma Yuuichirou
30%
Jaku Kaiou
26%
Gerry Strydum
21%
Iron Michael
21%
Maria
20%
Nomi no Sukune
19%
Shinogi Kureha
19%
Akezawa Emi
15%
Katou Kiyosumi
15%
Mouth
15%
Shiba Chiharu
12%
Shinogi Koushou
12%
Ryuu Kaiou
11%
Igari Kanji
9%
Mount Toba
9%
Yasha-Zaru Jr
9%
Albert Payne
8%
Musashi
8%
Yasha-Zaru
8%
Alexander Gallen
6%
Diane Neil
6%
Zulu
6%
Amanai Yuu
5%
Kaku Shunsei
5%
Suedou Atsushi
5%
Taima no Kehaya
5%
Yuri Chakovsky
5%
Joe Cruiser
4%
Kaiser
3%
Rob Robinson
3%
Ron Shobun
3%
Sonoda Morio
3%
Andreas Regan
2%
Chin Kaiou
2%
Hanada Junichi
2%
Han Kaiou
2%
Honoo
2%
Jo Kaiou
2%
Kinryuuzan
2%
Mani Akio
2%
Mike Quinn
2%
Ri Kaiou
2%
Samwan Kaiou
2%
Sergei Taktarov
2%
Son Kaiou
2%
Wilbur Bolt
2%
Aaron Murase
1%
Andrei Valev
1%
Dentoranee Sitpika
1%
Inagi Bunnoshin
1%
Inoda Kanon
1%
Iwanami Kaosu
1%
Kanou Shuumei
1%
Kuriyagawa Hitoshi
1%
Kyogei
1%
Misaki Kengo
1%
Richard Filth
1%
Ri Mouko
1%
Roger Harlon
1%
Roland Istaz
1%
Sergio Silva
1%
Shishimaru
1%
Tokugawa Sabuko
1%
You Kaiou
1%
Arashikawa Shouhei
0%
Garry
0%
Hatanaka Kouhei
0%
Kainuma Fumiya
0%
Kuwata Takumi
0%
Miwa Takejou
0%
Miyairi Rekizou
0%
Ootsuka Heibee
0%
Reihou
0%
Sabu Kyouichirou
0%
Shachihoko
0%
Taketsurugi
0%
No matching quizzes found
Score Distribution
Percent of People with Each Score
Percentile by Number Answered
Your Score History
You have not taken this quiz since the last reset